Economics of nuclear power (Record no. 39573)

000 -LEADER
fixed length control field 00549nam a2200205 i 4500
001 - CONTROL NUMBER
control field 39573
003 - CONTROL NUMBER IDENTIFIER
control field BD-DhUET
008 - FIXED-LENGTH DATA ELEMENTS--GENERAL INFORMATION
fixed length control field 150828s2015 enka b 001 0 eng
020 ## - INTERNATIONAL STANDARD BOOK NUMBER
International Standard Book Number 9781138858404 (hardback)
040 ## - CATALOGING SOURCE
Original cataloging agency DLC
Language of cataloging eng
Transcribing agency DLC
Modifying agency BD-DhUET
082 ## - DEWEY DECIMAL CLASSIFICATION NUMBER
Classification number 333.7924
Item number ROT/2016
100 ## - MAIN ENTRY--PERSONAL NAME
Personal name Rothwell, Geoffrey S.
245 10 - TITLE STATEMENT
Title Economics of nuclear power
250 ## - EDITION STATEMENT
Edition statement 1st ed.
260 ## - PUBLICATION, DISTRIBUTION, ETC. (IMPRINT)
Place of publication, distribution, etc. London
Name of publisher, distributor, etc. Routledge
Date of publication, distribution, etc. 2016
300 ## - PHYSICAL DESCRIPTION
Extent xxxviii, 234 p.
504 ## - BIBLIOGRAPHY, ETC. NOTE
Bibliography, etc Includes bibliographies
650 #0 - SUBJECT ADDED ENTRY--TOPICAL TERM
Topical term or geographic name as entry element Nuclear energy--Economic aspects
942 ## - ADDED ENTRY ELEMENTS (KOHA)
Koha item type General Book
Holdings
Koha full call number Shelving location Source of classification or shelving scheme Price effective from Lost status Piece designation (barcode) Location (home branch) Withdrawn status Sublocation or collection (holding branch) Not for loan Koha date last seen Koha normalized classification for sorting Koha item type Date acquired Copy number Damaged status
333.7924/ROT/2016Circulation section 2016-10-26 114884Central Library, BUET Central Library, BUET 2016-10-26333_792400000000000_ROT_2016General Book2016-10-261 
333.7924/ROT/2016Circulation section 2016-10-26 114885Central Library, BUET Central Library, BUET 2016-10-26333_792400000000000_ROT_2016General Book2016-10-262